Konstruktorzy F1 z 1 lub 2 podium - Statystyki

Ogólne statystyki
  • Ten quiz został rozwiązany 9 razy
  • Średni wynik to 2 z 15
Statystyki odpowiedzi
Podium Ostatnie Podium Konstruktor % Poprawnych
2 Grand Prix Azerbejdżanu 2021 AlphaTauri
86%
2 Grand Prix Włoch 2002 Jaguar
43%
1 Grand Prix Portugalii 1989 Onyx
29%
2 Grand Prix Austrii 1973 Surtees
29%
2 Grand Prix Belgii 1952 Gordini
14%
1 Grand Prix Monako 1955 Lancia
14%
1 Grand Prix Francji 1990 Leyton House
14%
2 Grand Prix Belgii 1950 Talbot-Lago
14%
1 Grand Prix Włoch 1956 Connaught
0%
2 Grand Prix San Marino 1991 Dallara
0%
2 Indianapolis 500 1950 Deidt
0%
2 Grand Prix Kanady 1967 Eagle
0%
1 Grand Prix Australii 1995 Footwork
0%
1 Indianapolis 500 1959 Lesovsky
0%
1 Indianapolis 500 1956 Phillips
0%
Nie znaleziono quizów pasujących do podanych kryteriów
Rozkład punktacji
Procent ludzi z każdym wynikiem
Percentyl według liczby udzielonych odpowiedzi
Twoja historia wyników
Nie rozwiązałeś tego quizu